| 000 | 01396nam a22003617a 4500 | ||
|---|---|---|---|
| 003 | CHAP | ||
| 005 | 20220329143842.0 | ||
| 008 | 120126s2011 mx r 00010 spa d | ||
| 010 | _a102778 | ||
| 011 | _a103750 | ||
| 035 | _a114439 | ||
| 040 | _cCHAP | ||
| 090 | _aTesis | ||
| 100 | 1 |
_aGutiérrez Tlahque, Jorge. _951846 |
|
| 245 | 1 | 0 |
_aPoducción hidropónica de lechuga con y sin recirculación de solucion nutritiva _h[En línea] _c/por Jorge Gutiérrez Tlahque |
| 260 |
_aChapingo, Méx. : _bEl autor, _c2011 |
||
| 500 | _aPara ver el contenido del material haga clic en la liga | ||
| 502 | _aTesis (M.C. en Horticultura) -- UACH. Departamento de Fitotecnia | ||
| 590 |
_aALEPH _b10 _c20130110 _lUCH01 _h1544 |
||
| 590 |
_aBATCH-UPD _b10 _c20130110 _lUCH01 _h0917 |
||
| 590 |
_aBATCH-UPD _b10 _c20130410 _lUCH01 _h0540 |
||
| 590 |
_aBATCH-UPD _b10 _c20130914 _lUCH01 _h1558 |
||
| 590 |
_aBATCH-UPD _b10 _c20140324 _lUCH01 _h1530 |
||
| 590 |
_aBATCH-UPD _b10 _c20141002 _lUCH01 _h0852 |
||
| 590 |
_aCONVERSION _b10 _c20130109 _lUCH01 _h1357 |
||
| 650 | 1 | 4 |
_aHidroponía. _955280 |
| 650 | 1 | 4 |
_aLechuga _xRendimiento. _965476 |
| 856 |
_3Finding aid _uhttp://10.13.5.2/tesis/114439.pdf _zTeclea aqui |
||
| 901 | _aBK | ||
| 942 | _cFOLL | ||
| 949 |
_aTesis _bBC _cTES _d33724002320025 _eTS1 _gDonaciØn _h53304 _i114439 _st |
||
| 949 |
_aTesis _bBC _cTES _d33724002320066 _eTS2 _fc.2 _gDonaciØn _h53305 _i114439 _st |
||
| 999 |
_c102778 _d102778 |
||